Tradición y modernidad en el Derecho. Lo clásico y lo nuevo en la enseñanza de la ciencias jurídicas.

Gardado en:
Detalles Bibliográficos
Autor Principal: Zapata Larraín, Patricio (autor)
Formato: Libro
Idioma:inglés
Publicado: Santiago, Chile: Universidad Andrés Bello, 2004.
Subjects:
Tags: Engadir etiqueta
Sen Etiquetas, Sexa o primeiro en etiquetar este rexistro!

MARC

LEADER 00000nam a22000007a 4500
003 CL-VaPUC
005 20220822114447.0
008 220331t2004 ||||| |||| 00| 0 eng d
999 |c 435233  |d 435231 
020 |a 956-299-470-8 
040 |c Pontificia Universidad Católica de Valparaíso 
082 0 4 |2 22  |a 340.071183 ZAP 2004 
100 1 |a Zapata Larraín, Patricio  |9 469654  |e autor 
245 1 0 |a Tradición y modernidad en el Derecho.   |b Lo clásico y lo nuevo en la enseñanza de la ciencias jurídicas.  
260 |a Santiago, Chile:   |b Universidad Andrés Bello,  |c 2004. 
300 |a 96 páginas.  
500 |a c.1 Donación Familia Prof. Alejandro Guzmán Brito. 
505 |a Capítulos: - 1. ¿Quo vadis derecho romano? Enseñanza romanística y formación jurídica en Chile. - 2. Derecho privado: garantía de la autonomía. - 3. Estado regulador y nuevo derecho de la administración. - 4. Proceso penal: Síntesis entre tradición libertaria y exigencias de la seguridad ciudadana. - 5. La necesidad del estudio derecho. 
583 |c 20220331  |k Yessy Stephany Diaz Vidal 
650 1 |a Enseñanza del derecho  |x Educación superior  |z Chile  |9 870627 
650 1 |a Estudio del derecho  |x Educación superior  |z Chile  |9 870628 
650 1 |a Derecho romano  |x Estudio y enseñanza  |9 870630 
650 1 |a Derecho privado  |x Estudio y enseñanza  |9 870631 
650 1 |a Derecho administrativo  |x Estudio y enseñanza  |9 870632 
650 1 |a Derecho penal  |x Estudio y enseñanza  |9 870634 
942 |2 ddc  |c BK  |n 0 
952 |0 0  |1 0  |2 ddc  |4 0  |6 340_071183000000000_ZAP_2004  |7 1  |8 C_AGB  |9 582345  |a BIBDER  |b BIBDER  |d 2022-03-31  |e Donación   |i 5650652  |o 340.071183 ZAP 2004  |p 5650652  |r 2023-01-25  |t 1  |w 2022-03-31  |y BK_US  |k AGB